La estipulación en las Partidas y el Ordenamiento de Alcalá (Record no. 113167)

MARC details
000 -LEADER
campo de control de longitud fija 00838nam a2200193 4500
001 - NÚMERO DE CONTROL
campo de control 113167
003 - IDENTIFICADOR DE NÚMERO DE CONTROL
campo de control ES-MaACL
005 - FECHA Y HORA DE LA ÚLTIMA TRANSACCIÓN
campo de control 20260127062543.0
007 - CAMPO FIJO DE DESCRIPCIÓN FÍSICA--INFORMACIÓN GENERAL
campo de control de longitud fija t|
008 - DATOS DE LONGITUD FIJA--INFORMACIÓN GENERAL
campo de control de longitud fija 061121s1950 sp r ||||1| spa d
100 1# - ENTRADA PRINCIPAL--NOMBRE DE PERSONA
Nombre de persona Núñez Lagos, Rafael,
Fechas asociadas al nombre 1902-1991
9 (RLIN) 86209
245 13 - MENCIÓN DEL TÍTULO
Título La estipulación en las Partidas y el Ordenamiento de Alcalá
Resto del título : discurso leido el día 15 de junio de 1950 en su recepción pública por el Excmo. Sr. D. Rafael Núñez Lagos y contestación del Excmo. Sr. D. Manuel de Bofarull y Romañá.
260 ## - PUBLICACIÓN, DISTRIBUCIÓN, ETC.
Lugar de publicación, distribución, etc. Madrid :
Nombre del editor, distribuidor, etc. [s. n.],
Fecha de publicación, distribución, etc. 1950 (
Fabricante Imp. Viuda de Galo Sèz)
300 ## - DESCRIPCIÓN FÍSICA
Extensión 113 p. ;
Dimensiones 24 cm.
700 1# - ENTRADA AGREGADA--NOMBRE PERSONAL
Nombre de persona Bofarull y Romañá, Manuel de.
9 (RLIN) 29767
700 ## - ENTRADA AGREGADA--NOMBRE PERSONAL
Nombre de persona Real Academia de Jurisprudencia y Legislación de España
9 (RLIN) 217612
852 ## - LOCALIZACIÓN
Ubicación ES-MaACL
Número de control de estantería 1915-F-20
Sublocalización o colección R.30204
Holdings
Estatus retirado Estado de pérdida Estado de daño No para préstamo Colección Biblioteca de origen Biblioteca actual Ubicación en estantería Fecha de adquisición Fuente de adquisición Total de préstamos Signatura topográfica completa Código de barras Visto por última vez Precio de reemplazo Tipo de ítem Koha
        Colección de folletos Biblioteca del Ateneo de Madrid Biblioteca del Ateneo de Madrid Depósito folletos 17/01/2008     1915-F-20 1118039 23/02/2023 23/02/2023 Folleto